000 00537nam a2200193Ia 4500
999 _c10280
_d10280
003 OSt
005 20200103111031.0
008 190216s9999||||xx |||||||||||||| ||und||
020 _a8122004695
040 _coclc
082 _a332.10954
_bNIG/B
100 _aNigam, B M Lall
_91042
245 0 _aBanking Law And Practice /
_c B M Lall Nigam
250 _a5th ed.
260 _bKonark Pub Pvt,
_c1988.
_aDelhi:
300 _a507p
650 _aEconomics
942 _cBK
_2ddc
_h332.10954
_iNIG/B
_k332.10954
_mNIG/B